Powerful Women (4 column match) Quiz Stats

 Plays Quiz not verified by Sporcle

Challenge
Share
Tweet
Score 0/10 Timer 04:00
0 Plays Today
% Correct
Hillary Clinton
100%
Melinda Gates
42.9%
Angela Merkel
28.6%
Michelle Obama
23.8%
Janet Yellen
19%
Dilma Rousseff
19%
Sheryl Sandberg
19%
Susan Wojcicki
14.3%
Mary Barra
9.5%
Christine Lagarde
9.5%

You're not logged in!

Compare scores with friends on all Sporcle quizzes.
OR
Log In

You Might Also Like...

Show Comments

Extras

Top Quizzes Today


Score Distribution

Your Account Isn't Verified!

In order to create a playlist on Sporcle, you need to verify the email address you used during registration. Go to your Sporcle Settings to finish the process.

Report this User

Report this user for behavior that violates our Community Guidelines.

Details: